| 000 | 01122nac a22002651u 4500 | ||
|---|---|---|---|
| 010 | _a 99047275 | ||
| 020 | _a0471369578 (cloth : alk. paper) | ||
| 082 | 0 | 0 |
_a338.76164795 _bADA |
| 090 |
_c5588 _d5588 |
||
| 100 | _aAdamson, Jim, | ||
| 245 | 1 | 4 |
_aThe Denny's story : _bhow a company in crisis resurrected its good name / _cJim Adamson with Robert McNatt and Rosemary Bray McNatt. |
| 246 | 3 | 0 | _aHow a company in crisis resurrected its good name |
| 260 |
_aNew York : _bWiley,c.2000. _cc.2000. |
||
| 300 |
_axiv, 205 p. : _bill. ; _c24 cm. |
||
| 500 | _aIncludes index. | ||
| 500 | _aDistributer : Al-Ahram. | ||
| 511 | _aCatalogued By : Mahitab. | ||
| 610 | 2 | 0 | _aDenny's, Inc. |
| 700 | 1 | _aMcNatt, Robert. | |
| 700 | 1 | _aMcNatt, Rosemary Bray. | |
| 856 | 4 | 2 |
_3Contributor biographical information _uhttp://www.loc.gov/catdir/bios/wiley044/99047275.html |
| 856 | 4 | 2 |
_3Publisher description _uhttp://www.loc.gov/catdir/description/wiley037/99047275.html |
| 856 | 4 | 2 |
_3Table of Contents _uhttp://www.loc.gov/catdir/toc/onix05/99047275.html |
| 942 |
_cBB _k338.76164795ADA |
||
| 999 |
_c5588 _d5588 |
||